Rozvoj národnostného školstva na Zakarpatsku

Bibliographic Details
Main Author: Kačurová, Neľa (Author)
Format: Article
Language:Slovak
PhysicalDescription:Fotogr.
ISSN:1335-4396
Subjects:

MARC

LEADER 00000nab a2200000 ar4500
001 vtls008409191
003 SK-MaSNL
005 20260303070125.0
008 051111c2004 xo |r|p|||||||000 b|slo
015 |a SNBRB2005/11 
038 |a SNKBUCL 
040 |a SNKBUCL  |b slo  |c SNKBUCL  |e AACR2 
041 0 |a slo 
044 |a xo  |c SK 
080 |a 37  |x (=162.4)  |x (477)  |2 1981 
080 |a 316.022.4  |x (=162.4)  |x (477)  |2 1981 
100 1 |a Kačurová, Neľa  |4 aut  |9 1067108 
245 1 0 |a Rozvoj národnostného školstva na Zakarpatsku  |c Neľa Kačurová 
300 |b Fotogr. 
650 0 7 |a Slováci v zahraničí  |2 snkbucl  |9 14695 
650 0 7 |a národnostné školstvo  |2 snkbucl  |9 71418 
651 7 |a Zakarpatská Ukrajina  |2 snkbucl  |9 55422 
773 0 |t Slovenské zahraničie  |g Roč. 9, č. 3 (2004), s. 13  |x 1335-4396 
852 |a SNK  |b KIS3GCP 
999 |c 1754037  |d 1755967